kku e-library facility

Operating systems / (Record no. 35)

MARC details
000 -LEADER
fixed length control field 00789nam a22002537a 4500
001 - CONTROL NUMBER
control field 0036
003 - CONTROL NUMBER IDENTIFIER
control field OSt
005 - DATE AND TIME OF LATEST TRANSACTION
control field 20250210125331.0
007 - PHYSICAL DESCRIPTION FIXED FIELD--GENERAL INFORMATION
fixed length control field
008 - FIXED-LENGTH DATA ELEMENTS--GENERAL INFORMATION
fixed length control field 250210b |||||||| |||| 00| 0 eng d
010 ## - LIBRARY OF CONGRESS CONTROL NUMBER
LC control number 2004274094
020 ## - INTERNATIONAL STANDARD BOOK NUMBER
International Standard Book Number 978-81-317-1289-4
040 ## - CATALOGING SOURCE
Transcribing agency KARL KUMM UNIVERSITY
100 ## - MAIN ENTRY--PERSONAL NAME
Personal name Deitel,
Fuller form of name Harvey M. Deitel
110 ## - MAIN ENTRY--CORPORATE NAME
Corporate name or jurisdiction name as entry element Deitel & Associates Inc.
245 ## - TITLE STATEMENT
Title Operating systems /
Statement of responsibility, etc. Deitel, Deitel, Choffnes
250 ## - EDITION STATEMENT
Edition statement 3rd
260 ## - PUBLICATION, DISTRIBUTION, ETC.
Place of publication, distribution, etc. India
Name of publisher, distributor, etc. Dorling Kindersley ; India
Date of publication, distribution, etc. c 2004 : [2009, 2008, 2007]
300 ## - PHYSICAL DESCRIPTION
Extent xxxvi, 1209p
600 ## - SUBJECT ADDED ENTRY--PERSONAL NAME
Personal name Deitel, Paul J.
Fuller form of name Paul J. Deitel,
Title of a work Operating System
700 ## - ADDED ENTRY--PERSONAL NAME
Personal name Deitel, Paul J.
700 ## - ADDED ENTRY--PERSONAL NAME
Personal name Choffnes, David R.
942 ## - ADDED ENTRY ELEMENTS (KOHA)
Source of classification or shelving scheme Library of Congress Classification
Koha item type Books
Edition 3rd
Classification part QA76.76.O63
Item part D46 2004
Call number prefix QA76.76.O63
Call number suffix D46 2004
Suppress in OPAC No
Holdings
Withdrawn status Lost status Source of classification or shelving scheme Damaged status Not for loan Home library Current library Date acquired Total checkouts Date last seen Price effective from Koha item type
    Library of Congress Classification     Karl Kumm University Librrary Services Karl Kumm University Librrary Services 10/15/2025   10/15/2025 10/15/2025 Books
©2025 All rights reserved. KKU